00609nam a22001577a 4500003000200000005001700002008004100019050002000060245009600080260008500176300001900261500002200280942001200302999001900314952011800333020221022091509.0221022b xxu||||| |||| 00| 0 eng d aHD28b.Y53 2019 aPoint of sale and inventory system for bakee's lomi house and eaterycIan Patrick M. Ylagan aLas Pinas City, PhilippinesbSouthville International School and CollegescC2019 axic28fTheses aInventory system. 2lcccTH c364868d364868 00102lcc40aCLbCLcTHESESd2022-10-22eDONATIONl0oHD28 .Y53 2019pT1082r2022-10-22 00:00:00w2022-10-22yTH